Cercal grain crops / (Record no. 2988)
[ view plain ]
| 000 -LEADER | |
|---|---|
| fixed length control field | 00355cam a2200145ua 4500 |
| 003 - CONTROL NUMBER IDENTIFIER | |
| control field | OSt |
| 008 - FIXED-LENGTH DATA ELEMENTS--GENERAL INFORMATION | |
| fixed length control field | 240213b |||||||| |||| 00| 0 eng d |
| 041 ## - LANGUAGE CODE | |
| Language code of text/sound track or separate title | eng |
| 082 ## - DEWEY DECIMAL CLASSIFICATION NUMBER | |
| Classification number | 633.1 |
| Item number | STO/CE |
| 100 ## - MAIN ENTRY--AUTHOR NAME | |
| Personal name | Stoskopf, Neal C . |
| 245 ## - TITLE STATEMENT | |
| Title | Cercal grain crops / |
| 260 ## - PUBLICATION, DISTRIBUTION, ETC. (IMPRINT) | |
| Place of publication | Virginia : |
| Name of publisher | Reston Publishing Co , |
| Year of publication | 1985. |
| 300 ## - PHYSICAL DESCRIPTION | |
| Number of Pages | 516 ; . |
| 942 ## - ADDED ENTRY ELEMENTS (KOHA) | |
| Koha item type | Books |
| Withdrawn status | Lost status | Damaged status | Home library | Current library | Date acquired | Full call number | Accession Number | Koha item type |
|---|---|---|---|---|---|---|---|---|
| KAUAET | KAUAET | 07/04/2012 | 633.1 STO/CE | 20665 | Books |
